|
|
|
|
| LEADER |
00000nab a2200000 a 4500 |
| 001 |
vtls000915626 |
| 003 |
SK-MaSNL |
| 005 |
20260302173345.0 |
| 008 |
040720e19920408xo 0 slo |
| 035 |
|
|
|a KE24510
|
| 040 |
|
|
|a KEVKJB
|b slo
|c KEVKJB
|e AACR2
|
| 041 |
0 |
|
|a slo
|
| 044 |
|
|
|a xo
|c SK
|
| 080 |
|
|
|a 352
|2 1981
|
| 100 |
1 |
|
|a Gallo, Igor,
|d 1936-2019
|4 aut
|9 85732
|
| 245 |
1 |
0 |
|a Košický večer na návšteve sídliska v Ťahanovciach
|
| 650 |
0 |
7 |
|a sídliská
|2 KEVKJB
|9 26585
|
| 650 |
0 |
7 |
|a miestna správa
|2 KEVKJB
|9 29496
|
| 651 |
|
7 |
|a Sídlisko Ťahanovce (Košice I, Slovensko)
|2 snkbucl
|9 176886
|
| 651 |
|
7 |
|a Košice (Slovensko)
|2 KEVKJB
|9 18694
|
| 773 |
0 |
8 |
|t Košický večer
|g Roč. 3
|g Roč. 28, č.70, 8.4.1992, s. 3
|
| 852 |
|
|
|a ZVYKNI
|b KIS3GCP
|
| 999 |
|
|
|c 1401351
|d 1403281
|